Lineárne modely v štatistickom učení

Salvato in:
Dettagli Bibliografici
Autore principale: Minčev, Matej (Autore)
Altri autori: Fabšič, Tomáš (Relatore della tesi)
Natura: Manoscritto Libro
Lingua:slovacco
Pubblicazione: 2017
Soggetti:
Accesso online:http://is.stuba.sk/zp/portal_zp.pl?podrobnosti=97736
Tags: Aggiungi Tag
Nessun Tag, puoi essere il primo ad aggiungerne!!

MARC

LEADER 00000ntm a22000003a 4500
001 stuzp55572
003 SK-STU
005 20170727095528.2
007 ta
008 150427s2015----xo-----f-mn---000-0-slo-d
040 |a STU  |b slo 
041 0 |a slo 
044 |a xo 
100 1 |a Minčev, Matej  |u 035000  |4 aut  |U FEI Fakulta elektrotechniky a informatiky  |T FEI Ústav informatiky a matematiky  |X 53913  |U E050  |Y 816  |7 53913 
242 0 1 |a Linear models in statistical learning  |y eng 
245 1 0 |a Lineárne modely v štatistickom učení 
260 |c 2017 
300 |a 34 s.,  |b CD-ROM 
650 4 |a výber najlepšej podmnožiny  |2 slo 
650 4 |a odtlačky prstov  |2 slo 
650 4 |a dermatoglyfické minúcie  |2 slo 
650 4 |a lineárna regresia  |2 slo 
650 4 |a krížová validácia  |2 slo 
650 4 |a linear regression  |2 eng 
650 4 |a cross-validation  |2 eng 
650 4 |a best subset selection  |2 eng 
650 4 |a fingerprints  |2 eng 
650 4 |a dermatoglyphic minutiae  |2 eng 
700 1 |a Fabšič, Tomáš  |u 035000  |k Z3  |4 ths  |U FEI Fakulta elektrotechniky a informatiky  |T FEI Ústav informatiky a matematiky  |X 63826  |U E050  |Y 816  |7 63826 
856 4 |u http://is.stuba.sk/zp/portal_zp.pl?podrobnosti=97736 
996 |b 284ER02463  |c E*Bc- 2463  |l EE35  |s P  |a 0  |w stuzp55572_0001